Strategies for electronic commerce and the Internet /

Bibliographic Details
Main Author: Lucas, Henry C.
Format: Book
Language:English
Published: Cambridge, Mass. : MIT Press, [2002]
Subjects:

MARC

Tag First Indicator Second Indicator Subfields
LEADER 00000cam a22000004a 4500
001 in00001662018
005 20151023131028.0
008 010426s2002 mauab b 001 0 eng
010 |a  2001032625 
020 |a 0262122421 (hc. : alk. paper) 
035 |a (OCoLC)ocm46866357 
040 |a DLC  |c DLC  |d TXA  |d UtOrBLW 
042 |a pcc 
049 |a TXAM 
050 0 0 |a HF5548.32  |b .L83 2002 
082 0 0 |a 658.8/4  |2 21 
100 1 |a Lucas, Henry C. 
245 1 0 |a Strategies for electronic commerce and the Internet /  |c Henry C. Lucas, Jr. 
264 1 |a Cambridge, Mass. :  |b MIT Press,  |c [2002] 
264 4 |c ©2002 
300 |a xiv, 265 pages :  |b illustrations, maps ;  |c 24 cm. 
336 |a text  |b txt  |2 rdacontent 
337 |a unmediated  |b n  |2 rdamedia 
338 |a volume  |b nc  |2 rdacarrier 
504 |a Includes bibliographical references (pages [261]-262) and index. 
650 0 |a Electronic commerce  |x Planning. 
650 0 |a Strategic planning. 
650 0 |a Business enterprises  |x Computer networks  |x Planning. 
650 0 |a Internet. 
948 |a cataloged  |b h  |c 2002/2/26  |d c  |e dmitchel  |f 11:00:00 am 
994 |a E0  |b TXA 
999 |a MARS 
999 f f |s 61f22d1e-7e2a-3caa-b735-c3865946558e  |i b3001e15-e10e-374e-8c27-7d4e053e2838  |t 0 
952 f f |p ric  |a Texas A&M University  |b Rellis Campus  |c Joint Library Facility  |d Remote Storage  |t 0  |e HF5548.32 .L83 2002  |h Library of Congress classification  |i unmediated -- volume  |m A14828472472 
998 f f |a HF5548.32 .L83 2002  |t 0  |l Remote Storage